| 000 | 00747nam0a22002531 4500 | ||
|---|---|---|---|
| 001 | rc\4058926 | ||
| 005 | 20250611073839.0 | ||
| 021 |
_aRU _b[51-24601] |
||
| 035 | _a(NLR Aleph) 008111396 | ||
| 090 |
_a9306457 _c9306457 |
||
| 100 | _a20130415d1951 |||y0rusy50 ca | ||
| 101 | 0 | _arus | |
| 102 | _aRU | ||
| 105 | _aa z ||||| | ||
| 200 | 1 | _aХранение и перевозка свежей рыбы | |
| 210 |
_aМосква _cПищепромиздат _d1951 |
||
| 215 |
_a40 с. _cчерт. _d22 |
||
| 606 |
_aРыба _xХранение _2psbo |
||
| 700 | 1 |
_aМакашев _bА.П. _gАндрей Порфирьевич |
|
| 801 | 0 |
_aRU _bNLR _gpsbo |
|
| 801 | 1 |
_aRU _bELAR _2rusmarc |
|
| 852 |
_aNLR _jТ66 Г-6/260 |
||
| 942 | _cBOOK | ||
| 980 | _aNB | ||